000 00791nam a2200229 a 4500
001 48510
003 BD-RjUL
005 20211209054533.0
008 160814s2009 bg |||| ||| 000 0 ben d
020 _a9847012600637
_c: Tk. 100.00
035 _a(BD-RjUL)48629
040 _aBD-RjUL
_bben
_cBD-RjUL
_dBD-RjUL
041 _aben
082 _223
_a891.443
_bASK 2009
100 1 0 _aআসাদ, রেবেকা
_9146647
245 1 0 _aকৃষ্ণপক্ষ পেরিয়ে /
_cরেবেকা আসাদ
260 _aখুলনা :
_bগাঙচিল প্রকাশন,
_c২০০৯
300 _a৮০ পৃ. ;
_c২১ সেমি.
650 _aবাংলা ছোটগল্প
_9146648
650 _aBengali Short stories
_9146649
942 _2ddc
_cBK
999 _c48510
_d48510